Afrikan maantiedettä - Statistics

Yleistilastot
  • Tätä visaa on pelattu 44 kertaa
  • Keskiarvotulos 9 / 20
Vastaustilastot
Vihje Vastaus % Oikein
586 583 Madagaskar
100%
6 650 Niili
97%
68 870 Victorianjärvi
90%
5 895 Kilimanjaro
82%
4 700 Kongo
77%
1 865 Mauritius
72%
4 200 Niger
62%
29 600 Njassajärvi
56%
2 574 Sambesi
54%
2 432 Oranje
51%
5 199 Mount Kenya
46%
32 000 Tanganjikajärvi
46%
1 666 Unguja
46%
6 750 Turkanajärvi
13%
2 510 Réunion
10%
5 600 Albertinjärvi
5%
4 977 Mount Stanley
5%
2 017 Bioko
0%
4 844 Mount Baker
0%
4 890 Mount Speke
0%
Ehtoja vastaavia visoja ei löytynyt
Tulosjakauma
Jokaisen tuloksen saaneiden osuus
Persentiili vastausten määrän mukaan
Tuloshistoriasi
Et ole pelannut tätä visaa